000 03114nam0a2200397 4500
001 RU\NLR\BIBL_A\012760399
005 20220708105347.0
010 _a978-5-4437-1220-8
021 _aRU
_bКН-П-21-094133
_9КН-П-21-7521
035 _a(NLR Aleph) 012760399
090 _a13060499
_c13060499
100 _a20220413d2021 u y0rusy50 ca
101 0 _arus
_deng
102 _aRU
105 _aac||z|||000zy
181 0 _ai
_baxxe
182 0 _an
200 1 _aПетроглифы Китая: история изучения и важнейшие памятники
_eучебное пособие
_eдля студентов 2-4 курсов и магистрантов, обучающихся по специальности "Археология" (курсы "Археология палеометалла", "Зарубежная археология", "История археологических исследований") и по специальности "Востоковедение, африканистика" (курсы "История Китая", "Источниковедение и историография истории Китая")
_fС.А. Комиссаров, А.И. Соловьев, М.И. Кудинова [и др.]
_gответственный редактор: акад. В.И. Молодин
_gМинистерство науки и высшего образования РФ, Новосибирский государственный университет, Гуманитарный институт, Научно-образовательный центр "Наследие", Российская академия наук, Сибиоское отделение, Институт археологии и этнографии
203 _aТекст
_bвизуальный
_cнепосредственный
210 _aНовосибирск
_cИПЦ НГУ
_d2021
215 _a217 с.
_cил., цв. ил., портр.
_d21
300 _aАвт. указаны на обороте тит. с.
300 _aРез англ.
606 1 _aНаскальные изображения
_yКитай
_jУчебные издания для высших учебных заведений
_2nlr_sh2
_3RU\NLR\AUTH\6601706958
686 1 _aЩ103(5Кит)2я73
686 1 _aТ4(54Кит)0-434я73
701 1 _aКомиссаров
_bС. А.
_f1955-
_gСергей Александрович
701 1 _aСоловьев
_bА. И.
_cд-р ист. наук
_f1955-
_gАлександр Иванович
_3RU\NLR\AUTH\7757673
701 1 _aКудинова
_bМ. А.
_gМария Андреевна
702 1 _aМолодин
_bВ. И.
_f1948-
_gВячеслав Иванович
_3RU\NLR\AUTH\770165665
_4340
712 0 2 _aНовосибирский государственный университет
_bГуманитарный институт
_bНаучно-образовательный центр "Наследие"
_3RU\NLR\AUTH\880564371
_4570
942 _cBOOK
980 _aNB